| 000 | 00651nam a2200265Ia 4500 | ||
|---|---|---|---|
| 001 | 6758 | ||
| 003 | IT-RoPAU | ||
| 008 | 130308s9999 xx 000 0 und d | ||
| 040 | _aIT-RoPAU | ||
| 040 | _cIT-RoPAU | ||
| 100 | _aGuadagnino Mario | ||
| 100 | _gCodice Aut. SPICS: 11383 | ||
| 245 | _aCena di Emmaus | ||
| 245 | _bGesù nell'Arte Contemporanea | ||
| 250 | _a1a ed. | ||
| 260 | _aASSISI | ||
| 260 | _bPro Civitate Christiana | ||
| 260 | _c1964 [1° Ed.:1964 - Ed.Ling.Originale:] | ||
| 650 | _aAUTORI/OPERE DI ICONOLOGIA | ||
| 650 | _eCodice materia Spics: 5157 | ||
| 942 | _cBK | ||
| 957 | _71 | ||
| 999 |
_c47732 _d47732 |
||
| 999 | _bSI | ||
| 999 | _g1 | ||